[Event "DVM U16w 2023"]
[Site "Magdeburg GER"]
[Date "2023.12.30"]
[Round "7"]
[White "Kern, Jennifer"]
[Black "Anaparthi, Aditi"]
[Result "1-0"]
[Termination "normal"]
[Board "8.1"]
[WhiteElo "1363"]
[BlackElo "1163"]
[WhiteClock "00:44:32"]
[BlackClock "00:47:41"]
[WhiteTeam "SC Bad Dürkheim-Wachenheim"]
[BlackTeam "SC Garching 1980 2"]
[PlyCount "53"]
[WhiteFideId "16251350"]
[BlackFideId "34620389"]
[EventCountry "GER"]
[EventRounds "7"]
[EventType "team-swiss"]
[EventDate "2023.12.26"]

1. e4 {[%clk 01:30:59]} {[%emt 00:00:02]} e5 {[%clk 01:30:55]} {[%emt
00:00:05]} 2. Nf3 {[%clk 01:31:23]} {[%emt 00:00:07]} Nc6 {[%clk 01:31:13]}
{[%emt 00:00:11]} 3. Bb5 {[%clk 01:31:45]} {[%emt 00:00:08]} d6 {[%clk
01:31:32]} {[%emt 00:00:12]} 4. d4 {[%clk 01:31:38]} {[%emt 00:00:36]} exd4
{[%clk 01:30:17]} {[%emt 00:01:44]} 5. Nxd4 {[%clk 01:27:43]} {[%emt 00:04:26]}
Bd7 {[%clk 01:30:28]} {[%emt 00:00:19]} 6. Bxc6 {[%clk 01:26:08]} {[%emt
00:02:06]} Bxc6 {[%clk 01:29:56]} {[%emt 00:01:01]} 7. Nxc6 {[%clk 01:26:15]}
{[%emt 00:00:23]} bxc6 {[%clk 01:30:19]} {[%emt 00:00:08]} 8. O-O {[%clk
01:26:14]} {[%emt 00:00:30]} Nf6 {[%clk 01:30:26]} {[%emt 00:00:24]} 9. Re1
{[%clk 01:26:07]} {[%emt 00:00:38]} Be7 {[%clk 01:30:33]} {[%emt 00:00:22]} 10.
b3 {[%clk 01:24:37]} {[%emt 00:02:00]} O-O {[%clk 01:30:49]} {[%emt 00:00:13]}
11. Bb2 {[%clk 01:24:45]} {[%emt 00:00:22]} Qd7 {[%clk 01:30:06]} {[%emt
00:01:14]} 12. Nd2 {[%clk 01:22:31]} {[%emt 00:02:44]} Rfe8 {[%clk 01:22:59]}
{[%emt 00:07:37]} 13. Nf3 {[%clk 01:20:04]} {[%emt 00:02:57]} d5 {[%clk
01:15:44]} {[%emt 00:07:45]} 14. e5 {[%clk 01:18:29]} {[%emt 00:02:04]} Nh5
{[%clk 01:14:49]} {[%emt 00:01:25]} 15. Qd2 {[%clk 01:16:16]} {[%emt 00:02:44]}
Bc5 {[%clk 01:10:19]} {[%emt 00:05:00]} 16. Qg5 {[%clk 01:13:15]} {[%emt
00:03:32]} g6 {[%clk 01:10:23]} {[%emt 00:00:24]} 17. a3 {[%clk 01:10:16]}
{[%emt 00:03:32]} a5 {[%clk 01:10:02]} {[%emt 00:00:50]} 18. Rad1 {[%clk
01:05:30]} {[%emt 00:05:16]} Rab8 {[%clk 01:01:19]} {[%emt 00:09:14]} 19. Qh4
{[%clk 01:02:52]} {[%emt 00:03:07]} Ng7 {[%clk 00:55:26]} {[%emt 00:06:23]} 20.
Ng5 {[%clk 00:59:02]} {[%emt 00:04:20]} h5 {[%clk 00:55:11]} {[%emt 00:00:44]}
21. Nf3 {[%clk 00:55:00]} {[%emt 00:04:32]} Qf5 {[%clk 00:54:08]} {[%emt
00:01:33]} 22. Nd4 {[%clk 00:51:44]} {[%emt 00:03:47]} Bxd4 {[%clk 00:52:47]}
{[%emt 00:01:52]} 23. Qxd4 {[%clk 00:50:47]} {[%emt 00:01:27]} Ne6 {[%clk
00:52:19]} {[%emt 00:00:57]} 24. Qc3 {[%clk 00:49:27]} {[%emt 00:01:50]} c5
{[%clk 00:52:14]} {[%emt 00:00:35]} 25. Rxd5 {[%clk 00:46:48]} {[%emt
00:03:09]} Nf4 {[%clk 00:51:23]} {[%emt 00:01:21]} 26. e6 {[%clk 00:44:16]}
{[%emt 00:03:03]} Nxd5 {[%clk 00:47:41]} {[%emt 00:04:11]} 27. Qg7# {[%clk
00:44:32]} {[%emt 00:00:13]} 1-0

[Event "DVM U16w 2023"]
[Site "Magdeburg GER"]
[Date "2023.12.30"]
[Round "7"]
[White "Chennupati, Lasya"]
[Black "Melnyk, Viktoria"]
[Result "1-0"]
[Termination "normal"]
[Board "8.2"]
[WhiteElo "1090"]
[BlackElo "989"]
[WhiteClock "00:47:24"]
[BlackClock "00:04:11"]
[WhiteTeam "SC Garching 1980 2"]
[BlackTeam "SC Bad Dürkheim-Wachenheim"]
[PlyCount "89"]
[WhiteFideId "34646728"]
[BlackFideId "34674381"]
[EventCountry "GER"]
[EventRounds "7"]
[EventType "team-swiss"]
[EventDate "2023.12.26"]

1. e4 {[%emt 00:00:03]} e6 {[%clk 01:30:50]} {[%emt 00:00:10]} 2. d4 {[%clk
01:31:14]} {[%emt 00:00:13]} d5 {[%clk 01:31:11]} {[%emt 00:00:09]} 3. exd5
{[%clk 01:31:27]} {[%emt 00:00:14]} exd5 {[%clk 01:31:26]} {[%emt 00:00:18]} 4.
Nf3 {[%clk 01:31:50]} {[%emt 00:00:08]} Nf6 {[%clk 01:30:37]} {[%emt 00:01:19]}
5. Bf4 {[%clk 01:31:54]} {[%emt 00:00:26]} Bd6 {[%clk 01:29:05]} {[%emt
00:02:02]} 6. Bg3 {[%clk 01:32:13]} {[%emt 00:00:10]} O-O {[%clk 01:26:07]}
{[%emt 00:03:28]} 7. Qd3 {[%clk 01:30:50]} {[%emt 00:01:53]} h6 {[%clk
01:21:12]} {[%emt 00:05:26]} 8. Nc3 {[%clk 01:29:04]} {[%emt 00:02:17]} a6
{[%clk 01:13:46]} {[%emt 00:07:55]} 9. Be2 {[%clk 01:22:16]} {[%emt 00:07:17]}
Nc6 {[%clk 01:10:30]} {[%emt 00:03:47]} 10. a3 {[%clk 01:15:59]} {[%emt
00:06:46]} Re8 {[%clk 01:07:50]} {[%emt 00:03:09]} 11. Bh4 {[%clk 01:14:04]}
{[%emt 00:02:26]} Be7 {[%clk 01:03:13]} {[%emt 00:05:08]} 12. O-O {[%clk
01:13:50]} {[%emt 00:00:43]} Ng4 {[%clk 00:59:07]} {[%emt 00:04:35]} 13. Bxe7
{[%clk 01:09:57]} {[%emt 00:04:23]} Qxe7 {[%clk 00:57:09]} {[%emt 00:02:30]}
14. Rfe1 {[%clk 01:09:26]} {[%emt 00:01:01]} Qd6 {[%clk 00:55:54]} {[%emt
00:01:41]} 15. h3 {[%clk 01:08:57]} {[%emt 00:01:02]} Nf6 {[%clk 00:55:41]}
{[%emt 00:00:43]} 16. Nh4 {[%clk 01:07:16]} {[%emt 00:02:03]} Qf4 {[%clk
00:49:52]} {[%emt 00:06:26]} 17. Nf3 {[%clk 01:07:23]} {[%emt 00:00:25]} Bd7
{[%clk 00:43:46]} {[%emt 00:06:35]} 18. Rad1 {[%clk 01:04:49]} {[%emt
00:03:05]} Re7 {[%clk 00:40:13]} {[%emt 00:04:01]} 19. Qd2 {[%clk 01:03:49]}
{[%emt 00:01:31]} Qxd2 {[%clk 00:40:00]} {[%emt 00:00:44]} 20. Rxd2 {[%clk
01:03:37]} {[%emt 00:00:42]} Bf5 {[%clk 00:39:00]} {[%emt 00:01:28]} 21. Bf1
{[%clk 01:01:52]} {[%emt 00:02:15]} Rxe1 {[%clk 00:37:25]} {[%emt 00:02:05]}
22. Nxe1 {[%clk 01:02:11]} {[%emt 00:00:11]} Re8 {[%clk 00:36:19]} {[%emt
00:01:35]} 23. Nf3 {[%clk 01:02:23]} {[%emt 00:00:20]} Nd8 {[%clk 00:29:36]}
{[%emt 00:07:13]} 24. Bd3 {[%clk 01:02:18]} {[%emt 00:00:34]} Bxd3 {[%clk
00:29:37]} {[%emt 00:00:29]} 25. Rxd3 {[%clk 01:02:25]} {[%emt 00:00:23]} c6
{[%clk 00:28:02]} {[%emt 00:02:05]} 26. Re3 {[%clk 01:01:22]} {[%emt 00:01:33]}
Rxe3 {[%clk 00:27:05]} {[%emt 00:01:29]} 27. fxe3 {[%clk 01:01:43]} {[%emt
00:00:07]} Ne6 {[%clk 00:26:10]} {[%emt 00:01:25]} 28. Kf2 {[%clk 01:01:14]}
{[%emt 00:00:58]} Kf8 {[%clk 00:26:18]} {[%emt 00:00:24]} 29. Nd2 {[%clk
01:01:30]} {[%emt 00:00:14]} Ke7 {[%clk 00:26:05]} {[%emt 00:00:42]} 30. Nb3
{[%clk 01:01:54]} {[%emt 00:00:07]} b6 {[%clk 00:24:38]} {[%emt 00:01:57]} 31.
Na4 {[%clk 01:01:26]} {[%emt 00:00:57]} b5 {[%clk 00:24:02]} {[%emt 00:01:06]}
32. Nc3 {[%clk 01:01:46]} {[%emt 00:00:10]} Kd6 {[%clk 00:23:42]} {[%emt
00:00:48]} 33. a4 {[%clk 01:01:55]} {[%emt 00:00:23]} g5 {[%clk 00:20:59]}
{[%emt 00:03:12]} 34. a5 {[%clk 01:01:29]} {[%emt 00:00:57]} Ne4+ {[%clk
00:19:15]} {[%emt 00:02:14]} 35. Nxe4+ {[%clk 01:01:16]} {[%emt 00:00:41]} dxe4
{[%clk 00:19:25]} {[%emt 00:00:22]} 36. Nd2 {[%clk 01:01:00]} {[%emt 00:00:46]}
Kd5 {[%clk 00:19:20]} {[%emt 00:00:35]} 37. b4 {[%clk 01:00:27]} {[%emt
00:01:03]} f5 {[%clk 00:17:41]} {[%emt 00:02:07]} 38. c3 {[%clk 00:59:46]}
{[%emt 00:01:13]} h5 {[%clk 00:14:31]} {[%emt 00:03:40]} 39. g3 {[%clk
00:48:23]} {[%emt 00:11:54]} g4 {[%clk 00:10:55]} {[%emt 00:04:06]} 40. h4
{[%clk 00:48:21]} {[%emt 00:00:30]} Nf8 {[%clk 00:08:13]} {[%emt 00:03:12]} 41.
Ke2 {[%clk 00:48:01]} {[%emt 00:00:52]} Ng6 {[%clk 00:07:23]} {[%emt 00:01:20]}
42. Kd1 {[%clk 00:47:54]} {[%emt 00:00:36]} Ne7 {[%clk 00:05:11]} {[%emt
00:02:42]} 43. Nb3 {[%clk 00:48:09]} {[%emt 00:00:16]} Kc4 {[%clk 00:04:20]}
{[%emt 00:01:20]} 44. Kc2 {[%clk 00:48:23]} {[%emt 00:00:17]} Nd5 {[%clk
00:04:11]} {[%emt 00:00:39]} 45. Nd2# {[%clk 00:47:24]} {[%emt 00:00:58]} 1-0

[Event "DVM U16w 2023"]
[Site "Magdeburg GER"]
[Date "2023.12.30"]
[Round "7"]
[White "Dzutseva, Alana"]
[Black "Prokscha, Marlene"]
[Result "0-1"]
[Termination "normal"]
[Board "8.3"]
[WhiteElo "897"]
[BlackElo "1052"]
[WhiteClock "00:02:17"]
[BlackClock "00:23:22"]
[WhiteTeam "SC Bad Dürkheim-Wachenheim"]
[BlackTeam "SC Garching 1980 2"]
[PlyCount "78"]
[WhiteFideId "34674365"]
[BlackFideId "34631291"]
[EventCountry "GER"]
[EventRounds "7"]
[EventType "team-swiss"]
[EventDate "2023.12.26"]

1. e4 {[%clk 01:30:59]} {[%emt 00:00:01]} e6 {[%clk 01:30:51]} {[%emt
00:00:08]} 2. d4 {[%clk 01:31:25]} {[%emt 00:00:04]} d5 {[%clk 01:31:11]}
{[%emt 00:00:11]} 3. e5 {[%clk 01:31:41]} {[%emt 00:00:13]} c5 {[%clk
01:31:25]} {[%emt 00:00:17]} 4. c3 {[%clk 01:31:57]} {[%emt 00:00:14]} Nc6
{[%clk 01:31:22]} {[%emt 00:00:33]} 5. Be3 {[%clk 01:31:34]} {[%emt 00:00:54]}
Qb6 {[%clk 01:31:31]} {[%emt 00:00:20]} 6. Qd2 {[%clk 01:22:34]} {[%emt
00:09:29]} cxd4 {[%clk 01:23:39]} {[%emt 00:08:24]} 7. cxd4 {[%clk 01:22:40]}
{[%emt 00:00:24]} Bb4 {[%clk 01:23:11]} {[%emt 00:00:57]} 8. Nc3 {[%clk
01:22:48]} {[%emt 00:00:22]} Nge7 {[%clk 01:22:21]} {[%emt 00:01:21]} 9. a3
{[%clk 01:17:26]} {[%emt 00:05:52]} Bxc3 {[%clk 01:21:19]} {[%emt 00:01:31]}
10. Qxc3 {[%clk 01:17:34]} {[%emt 00:00:22]} O-O {[%clk 01:20:25]} {[%emt
00:01:24]} 11. Bd3 {[%clk 01:16:59]} {[%emt 00:01:05]} Bd7 {[%clk 01:18:58]}
{[%emt 00:01:58]} 12. Nf3 {[%clk 01:16:16]} {[%emt 00:01:13]} Rac8 {[%clk
01:15:43]} {[%emt 00:03:44]} 13. Qd2 {[%clk 01:15:13]} {[%emt 00:01:31]} g6
{[%clk 01:11:23]} {[%emt 00:04:52]} 14. Bg5 {[%clk 01:09:20]} {[%emt 00:06:22]}
Rfe8 {[%clk 01:07:11]} {[%emt 00:04:43]} 15. Qe3 {[%clk 00:58:58]} {[%emt
00:10:51]} Qxb2 {[%clk 00:58:41]} {[%emt 00:09:01]} 16. Rb1 {[%clk 00:58:21]}
{[%emt 00:01:07]} Qc3+ {[%clk 00:55:35]} {[%emt 00:03:22]} 17. Nd2 {[%clk
00:46:33]} {[%emt 00:12:30]} b6 {[%clk 00:52:50]} {[%emt 00:03:17]} 18. O-O
{[%clk 00:46:09]} {[%emt 00:00:53]} Qxd4 {[%clk 00:49:42]} {[%emt 00:03:40]}
19. Qf3 {[%clk 00:28:32]} {[%emt 00:18:03]} Nxe5 {[%clk 00:46:30]} {[%emt
00:03:46]} 20. Qf6 {[%clk 00:27:07]} {[%emt 00:01:54]} N5c6 {[%clk 00:45:17]}
{[%emt 00:01:32]} 21. Qf3 {[%clk 00:24:43]} {[%emt 00:02:58]} e5 {[%emt
00:16:35]} 22. Bxe7 {[%clk 00:15:34]} {[%emt 00:00:04]} Rxe7 {[%clk 00:36:42]}
{[%emt 00:02:45]} 23. Rbe1 {[%clk 00:11:24]} {[%emt 00:04:38]} e4 {[%clk
00:32:13]} {[%emt 00:05:01]} 24. Nxe4 {[%clk 00:07:44]} {[%emt 00:04:09]} dxe4
{[%clk 00:32:02]} {[%emt 00:00:42]} 25. Bxe4 {[%clk 00:07:19]} {[%emt
00:00:54]} Rce8 {[%clk 00:30:50]} {[%emt 00:01:40]} 26. Qd1 {[%clk 00:02:42]}
{[%emt 00:05:09]} Qxd1 {[%clk 00:30:40]} {[%emt 00:00:40]} 27. Rxd1 {[%clk
00:02:56]} {[%emt 00:00:16]} Rxe4 {[%clk 00:30:44]} {[%emt 00:00:26]} 28. Rxd7
{[%clk 00:02:54]} {[%emt 00:00:31]} Re1 {[%clk 00:30:56]} {[%emt 00:00:18]} 29.
Rd1 {[%clk 00:03:10]} {[%emt 00:00:16]} Rxf1+ {[%clk 00:30:47]} {[%emt
00:00:38]} 30. Kxf1 {[%clk 00:03:31]} {[%emt 00:00:10]} Kg7 {[%clk 00:31:01]}
{[%emt 00:00:15]} 31. g3 {[%clk 00:03:33]} {[%emt 00:00:27]} a5 {[%clk
00:30:00]} {[%emt 00:01:32]} 32. Rd6 {[%clk 00:03:48]} {[%emt 00:00:15]} Rc8
{[%clk 00:30:11]} {[%emt 00:00:19]} 33. Ke2 {[%clk 00:04:02]} {[%emt 00:00:16]}
b5 {[%emt 00:01:34]} 34. Kd3 {[%clk 00:03:35]} b4 {[%clk 00:29:20]} {[%emt
00:01:15]} 35. axb4 {[%clk 00:03:08]} {[%emt 00:00:56]} Nxb4+ {[%clk 00:26:06]}
{[%emt 00:03:44]} 36. Kd2 {[%clk 00:03:09]} {[%emt 00:00:26]} a4 {[%clk
00:25:56]} {[%emt 00:00:44]} 37. Rd4 {[%clk 00:03:11]} {[%emt 00:00:23]} Rb8
{[%clk 00:26:01]} {[%emt 00:00:29]} 38. Kc3 {[%clk 00:03:11]} {[%emt 00:00:30]}
a3 {[%clk 00:23:37]} {[%emt 00:02:55]} 39. Kb3 {[%clk 00:02:17]} {[%emt
00:01:23]} Nc6+ {[%clk 00:23:22]} {[%emt 00:00:44]} 0-1

[Event "DVM U16w 2023"]
[Site "Magdeburg GER"]
[Date "2023.12.30"]
[Round "7"]
[White "Piffczyk, Claudia"]
[Black "Dzutseva, Dana"]
[Result "1-0"]
[Termination "normal"]
[Board "8.4"]
[WhiteElo "911"]
[BlackElo "797"]
[WhiteClock "01:28:09"]
[BlackClock "01:27:18"]
[WhiteTeam "SC Garching 1980 2"]
[BlackTeam "SC Bad Dürkheim-Wachenheim"]
[PlyCount "25"]
[WhiteFideId "34639829"]
[BlackFideId "34674373"]
[EventCountry "GER"]
[EventRounds "7"]
[EventType "team-swiss"]
[EventDate "2023.12.26"]

1. e4 {[%clk 01:30:57]} {[%emt 00:00:03]} e5 {[%clk 01:30:54]} {[%emt
00:00:05]} 2. Nf3 {[%clk 01:31:17]} {[%emt 00:00:10]} Nc6 {[%clk 01:31:19]}
{[%emt 00:00:06]} 3. Nc3 {[%clk 01:31:36]} {[%emt 00:00:12]} Nf6 {[%clk
01:31:42]} {[%emt 00:00:07]} 4. Bc4 {[%clk 01:31:39]} {[%emt 00:00:27]} Nxe4
{[%clk 01:31:58]} {[%emt 00:00:14]} 5. d3 {[%clk 01:30:22]} {[%emt 00:01:48]}
Nxc3 {[%clk 01:32:05]} {[%emt 00:00:22]} 6. bxc3 {[%clk 01:30:04]} {[%emt
00:00:47]} Bd6 {[%clk 01:32:05]} {[%emt 00:00:31]} 7. Ng5 {[%clk 01:29:58]}
{[%emt 00:00:36]} O-O {[%clk 01:31:44]} {[%emt 00:00:52]} 8. Qh5 {[%clk
01:29:31]} {[%emt 00:00:55]} h6 {[%clk 01:29:47]} {[%emt 00:02:28]} 9. Nxf7
{[%clk 01:28:29]} {[%emt 00:01:32]} Qf6 {[%clk 01:29:01]} {[%emt 00:01:16]} 10.
Nxh6+ {[%clk 01:28:14]} {[%emt 00:00:46]} Kh8 {[%clk 01:28:50]} {[%emt
00:00:40]} 11. Ng4+ {[%clk 01:28:11]} {[%emt 00:00:33]} Qh6 {[%clk 01:28:22]}
{[%emt 00:00:59]} 12. Bxh6 {[%clk 01:27:59]} {[%emt 00:00:41]} Kh7 {[%clk
01:27:18]} {[%emt 00:01:33]} 13. Bg5# {[%clk 01:28:09]} {[%emt 00:00:20]} 1-0

[Event "DVM U16w 2023"]
[Site "Magdeburg GER"]
[Date "2023.12.30"]
[Round "7"]
[White "Gerlach, Lorena"]
[Black "Lohrmann, Flavia"]
[Result "0-1"]
[Termination "normal"]
[Board "9.1"]
[WhiteElo "1183"]
[BlackElo "1096"]
[WhiteClock "00:14:32"]
[BlackClock "00:23:21"]
[WhiteTeam "SchachAkademiePaderborn"]
[BlackTeam "SK Freiburg-Zähringen 1887"]
[PlyCount "120"]
[WhiteFideId "34605738"]
[BlackFideId "12982865"]
[EventCountry "GER"]
[EventRounds "7"]
[EventType "team-swiss"]
[EventDate "2023.12.26"]

1. d4 {[%clk 01:30:57]} {[%emt 00:00:04]} d5 {[%clk 01:30:52]} {[%emt
00:00:08]} 2. Nf3 {[%clk 01:31:20]} {[%emt 00:00:07]} Nf6 {[%clk 01:30:54]}
{[%emt 00:00:27]} 3. g3 {[%clk 01:31:41]} {[%emt 00:00:10]} Bf5 {[%clk
01:29:57]} {[%emt 00:01:26]} 4. Bg2 {[%clk 01:31:35]} {[%emt 00:00:36]} e6
{[%clk 01:29:00]} {[%emt 00:01:27]} 5. O-O {[%clk 01:31:35]} {[%emt 00:00:29]}
Bd6 {[%clk 01:29:06]} {[%emt 00:00:24]} 6. c4 {[%clk 01:28:30]} {[%emt
00:03:35]} dxc4 {[%clk 01:26:29]} {[%emt 00:03:07]} 7. Qa4+ {[%clk 01:28:46]}
{[%emt 00:00:14]} c6 {[%clk 01:24:55]} {[%emt 00:02:04]} 8. Qxc4 {[%clk
01:28:26]} {[%emt 00:00:51]} Nbd7 {[%clk 01:24:42]} {[%emt 00:00:42]} 9. Qc3
{[%clk 01:24:59]} {[%emt 00:03:54]} Nb6 {[%clk 01:24:20]} {[%emt 00:00:55]} 10.
Qe1 {[%clk 01:19:26]} {[%emt 00:05:59]} Nbd5 {[%clk 01:23:01]} {[%emt
00:01:53]} 11. Nc3 {[%clk 01:17:42]} {[%emt 00:02:14]} Ne7 {[%clk 01:20:35]}
{[%emt 00:02:56]} 12. e4 {[%clk 01:17:10]} {[%emt 00:01:02]} Bg6 {[%clk
01:17:47]} {[%emt 00:03:18]} 13. Nh4 {[%clk 01:16:04]} {[%emt 00:01:32]} Bh5
{[%clk 01:17:01]} {[%emt 00:01:20]} 14. e5 {[%clk 01:16:04]} {[%emt 00:00:30]}
Bxe5 {[%clk 01:15:47]} {[%emt 00:01:44]} 15. dxe5 {[%clk 01:16:21]} {[%emt
00:00:13]} Nd7 {[%clk 01:15:22]} {[%emt 00:00:54]} 16. Nf3 {[%clk 01:12:29]}
{[%emt 00:04:23]} O-O {[%clk 01:15:25]} {[%emt 00:00:27]} 17. Be3 {[%clk
01:01:18]} {[%emt 00:11:41]} Nf5 {[%clk 01:09:45]} {[%emt 00:06:10]} 18. Bf4
{[%clk 00:58:12]} {[%emt 00:03:35]} Nc5 {[%clk 01:06:23]} {[%emt 00:03:53]} 19.
Qd2 {[%clk 00:53:20]} {[%emt 00:05:17]} Qe7 {[%clk 01:03:28]} {[%emt 00:03:29]}
20. Be3 {[%clk 00:49:39]} {[%emt 00:04:10]} Rad8 {[%clk 01:02:00]} {[%emt
00:01:59]} 21. Bxc5 {[%clk 00:48:14]} {[%emt 00:01:56]} Qxc5 {[%clk 01:02:10]}
{[%emt 00:00:19]} 22. Qc1 {[%clk 00:45:41]} {[%emt 00:03:01]} Rd3 {[%clk
00:57:10]} {[%emt 00:05:32]} 23. Qf4 {[%clk 00:40:11]} {[%emt 00:05:51]} Rfd8
{[%clk 00:51:44]} {[%emt 00:06:06]} 24. Ne1 {[%clk 00:32:15]} {[%emt 00:08:18]}
R3d4 {[%clk 00:49:26]} {[%emt 00:02:56]} 25. Qc1 {[%clk 00:29:59]} {[%emt
00:02:36]} Qxe5 {[%clk 00:49:36]} {[%emt 00:00:30]} 26. Nf3 {[%clk 00:29:21]}
{[%emt 00:01:04]} Bxf3 {[%clk 00:48:45]} {[%emt 00:01:26]} 27. Bxf3 {[%clk
00:28:57]} {[%emt 00:00:53]} b5 {[%clk 00:43:48]} {[%emt 00:05:26]} 28. Rd1
{[%clk 00:27:39]} {[%emt 00:01:47]} b4 {[%clk 00:37:01]} {[%emt 00:07:19]} 29.
Rxd4 {[%clk 00:24:39]} {[%emt 00:03:30]} Nxd4 {[%clk 00:36:53]} {[%emt
00:00:38]} 30. Bxc6 {[%clk 00:15:41]} {[%emt 00:09:29]} bxc3 {[%clk 00:36:38]}
{[%emt 00:00:44]} 31. f4 {[%clk 00:13:05]} {[%emt 00:03:06]} cxb2 {[%clk
00:31:47]} {[%emt 00:05:22]} 32. fxe5 {[%clk 00:09:03]} {[%emt 00:04:32]}
bxc1=Q+ {[%emt 00:00:17]} 33. Rxc1 {[%emt 00:00:04]} Ne2+ {[%clk 00:31:43]}
{[%emt 00:00:13]} 34. Kf2 {[%clk 00:09:23]} {[%emt 00:00:09]} Nxc1 {[%clk
00:32:07]} {[%emt 00:00:07]} 35. a4 {[%clk 00:09:40]} {[%emt 00:00:13]} Nd3+
{[%clk 00:32:05]} {[%emt 00:00:32]} 36. Ke3 {[%clk 00:09:48]} {[%emt 00:00:23]}
Nxe5 {[%clk 00:32:26]} {[%emt 00:00:08]} 37. Bb5 {[%clk 00:10:05]} {[%emt
00:00:14]} Ng4+ {[%clk 00:31:48]} {[%emt 00:01:06]} 38. Kf4 {[%clk 00:10:26]}
{[%emt 00:00:11]} Nxh2 {[%clk 00:32:09]} {[%emt 00:00:09]} 39. Ke5 {[%clk
00:10:24]} {[%emt 00:00:32]} Rd5+ {[%clk 00:30:55]} {[%emt 00:01:43]} 40. Ke4
{[%clk 00:10:45]} {[%emt 00:00:08]} f5+ {[%clk 00:31:13]} {[%emt 00:00:12]} 41.
Kf4 {[%clk 00:11:00]} {[%emt 00:00:16]} Rd4+ {[%clk 00:30:00]} {[%emt
00:01:43]} 42. Ke5 {[%clk 00:11:18]} {[%emt 00:00:12]} Re4+ {[%clk 00:30:19]}
{[%emt 00:00:11]} 43. Kd6 {[%clk 00:11:39]} {[%emt 00:00:09]} e5 {[%clk
00:29:33]} {[%emt 00:01:16]} 44. Kc6 {[%clk 00:11:44]} {[%emt 00:00:26]} Nf3
{[%clk 00:29:03]} {[%emt 00:00:58]} 45. Kb7 {[%clk 00:11:40]} {[%emt 00:00:35]}
a5 {[%clk 00:27:48]} {[%emt 00:01:45]} 46. Ka6 {[%clk 00:11:48]} {[%emt
00:00:22]} Nd4 {[%clk 00:28:09]} {[%emt 00:00:08]} 47. Bc4+ {[%clk 00:11:44]}
{[%emt 00:00:34]} Kf8 {[%clk 00:27:47]} {[%emt 00:00:53]} 48. Kxa5 {[%clk
00:11:41]} {[%emt 00:00:33]} Nc6+ {[%clk 00:26:11]} {[%emt 00:02:06]} 49. Kb5
{[%clk 00:12:06]} {[%emt 00:00:05]} Na7+ {[%clk 00:26:03]} {[%emt 00:00:38]}
50. Kc5 {[%clk 00:12:26]} {[%emt 00:00:11]} f4 {[%clk 00:25:38]} {[%emt
00:00:55]} 51. gxf4 {[%clk 00:12:38]} {[%emt 00:00:17]} exf4 {[%clk 00:26:00]}
{[%emt 00:00:07]} 52. a5 {[%clk 00:13:01]} {[%emt 00:00:07]} h5 {[%clk
00:25:29]} {[%emt 00:01:01]} 53. Kd5 {[%clk 00:13:09]} {[%emt 00:00:24]} Re3
{[%clk 00:24:21]} {[%emt 00:01:35]} 54. Kc5 {[%clk 00:13:26]} {[%emt 00:00:14]}
h4 {[%clk 00:24:07]} {[%emt 00:00:44]} 55. Bf1 {[%clk 00:13:29]} {[%emt
00:00:24]} h3 {[%clk 00:23:02]} {[%emt 00:01:37]} 56. Kb6 {[%clk 00:13:47]}
{[%emt 00:00:13]} h2 {[%clk 00:23:12]} {[%emt 00:00:21]} 57. Kxa7 {[%clk
00:13:59]} {[%emt 00:00:17]} h1=Q {[%emt 00:00:12]} 58. Bb5 {[%emt 00:00:19]}
Re7+ {[%clk 00:22:49]} {[%emt 00:00:22]} 59. Kb6 {[%clk 00:14:07]} {[%emt
00:00:23]} Qb7+ {[%clk 00:23:03]} {[%emt 00:00:15]} 60. Kc5 {[%clk 00:14:32]}
{[%emt 00:00:05]} Re5+ {[%clk 00:23:21]} {[%emt 00:00:11]} 0-1